Sing down the moon / (Registro nro. 10193)
[ vista simple ]
| 000 -LIDER | |
|---|---|
| fixed length control field | 00824nam a22002897a 4500 |
| 001 - NÚMERO DE CONTROL | |
| Identificador de número de control | 0000023231 |
| 003 - IDENTIFICACDOR DE NÚMERO DE CONTROL | |
| control field | DO-SdBNP |
| 005 - DATE AND TIME OF LATEST TRANSACTION | |
| control field | 20251106090338.0 |
| 008 - ELEMENTOS DE LONGITUD FIJA | |
| fixed length control field | 160523b 1976 xxu||00| 0 spa d |
| 020 ## - ISBN | |
| International Standard Book Number | 0440979757 |
| 040 ## - FUENTE DE CATALOGACIÓN | |
| Agencia que crea de manera original el registro | BPMSU |
| Idioma de catalogación | spa |
| Agencia que realiza la transcripción | BPMSU |
| 082 ## - NÚMERO DE CLASIFICACIÓN DECIMAL DE DEWEY | |
| Classification number | 813.5 |
| Item number | O'999s |
| Edition number | 22 |
| 092 ## - LOCALLY ASSIGNED DEWEY DECIMAL CALL NUMBER | |
| Número de clasificación | |
| Número de ítem (Cutter) | |
| 100 1# - ASIENTO PRINCIPAL -- NOMBRE PERSONAL | |
| Nombre personal | O'Dell, Scott |
| Fechas asociadas con el nombre | 1898-1989. |
| 245 10 - MENCIÓN DE TITULO | |
| Título | Sing down the moon / |
| Subtítulo | Scott O'Dell. |
| 260 ## - PUBLICACIÓN, DISTRIBUCIÓN, ETC. (PIE DE IMPRENTA) | |
| Lugar de publicación, distribución, etc | New York : |
| Nombre del editor, distribuidor, etc. | Dell Pub, |
| Fecha de publicación, distribución, etc | 1976 |
| 300 ## - DESCRIPCIÓN FÍSICA | |
| Extensión | 121 p. ; |
| Otros detalles físicos | 18 cm. |
| 490 0# - MENCIÓN DE SERIES | |
| Mención de serie | Laurel-leaf books |
| 500 ## - NOTA GENERAL | |
| Nota general | Newbery Honor Book, |
| 500 ## - NOTA GENERAL | |
| Nota general | Reprinted by arrangement with Houghton, Mifflin. |
| 590 ## - NOTA LOCAL | |
| Enlace | Invetariado, 2021/VM |
| 650 #4 - ENCABEZAMIENTO DE MATERIA--TEMÁTICO | |
| Término temático o nombre geográfico como elemento de entrada | Cuentos infantiles estadounidenses. |
| 650 #4 - ENCABEZAMIENTO DE MATERIA--TEMÁTICO | |
| Término temático o nombre geográfico como elemento de entrada | Indios Navajo |
| Subdivisión temática general | Ficción. |
| 910 ## - VALIDACIÓN | |
| Validación | VMateo V. |
| 942 ## - ADDED ENTRY ELEMENTS (KOHA) | |
| Source of classification or shelving scheme | Dewey Decimal Classification |
| Koha item type | Libros |
| 945 ## - INFORMACIÓN DE PROCESAMIENTO LOCAL | |
| Información de procesamiento local | Inventariado, 2021/VM |
| Withdrawn status | Lost status | Source of classification or shelving scheme | Damaged status | Not for loan | Collection code | Home library | Current library | Date acquired | Source of acquisition | Full call number | Barcode | Date last seen | Price effective from | Koha item type |
|---|---|---|---|---|---|---|---|---|---|---|---|---|---|---|
| Dewey Decimal Classification | Colección Infantil General | Biblioteca Pública Metropolitana Salomé Ureña | Biblioteca Pública Metropolitana Salomé Ureña | 05/23/2016 | FUNDI | BPMSU CIG 813.5 O23s 19976 | BPMSU16050419 | 05/23/2016 | 05/23/2016 | Libros |